000 00585nam a2200217Ia 4500
003 OSt
005 20220928145504.0
006 a|||||r|||| 00| 0
007 ta
008 220927b |||||||| |||| 00| 0 eng d
024 _a80815
037 _cTextual
040 _aSDCL
_cSDCL
_beng
041 _2eng
_aeng
082 _aV73,1:3(z,5112)'M3, M2
100 _aClarke James W
_9513172
245 0 _aAmerican assassins
_b The darker side of politics
260 _c1982
942 _hV73,1:3(z,5112)'M3, M2
_cTEXL
_2CC
999 _c833822
_d833822